000 00446cam a2200181ua 4500
001 5889
008 131028n ii |||gr||||Z||||||eng
040 _cMAIN
082 _a954.552
245 _aMBD History of The Punjab
_cBy Shameem
260 _aNew Delhi:
_bMalhotra Book Depot,
_c1986.
300 _aiv,424p.
653 _aHistory
653 _aHistory of Punjab
700 _aShameem,
_eAuthor.,
700 _aKishan,
_eAuthor.
942 _cBK
999 _c5043
_d5043